| 000 | 00724nam a2200241Ia 4500 | ||
|---|---|---|---|
| 001 | 3169 | ||
| 003 | GE_BSU | ||
| 008 | 181216s||||||||xx |||||||||||||| ||und|| | ||
| 020 | _a5779700710 | ||
| 040 | _cGE_BSU | ||
| 080 | _a33(035)(075) | ||
| 100 | _aВасилевский А. И. | ||
| 245 | _aЭкономика: современная экономическая наука в понятиях и терминах | ||
| 245 | _bШкольный справочник. | ||
| 245 | _cред. Д. В. Махровская | ||
| 260 | _aЯрослав | ||
| 260 | _bАкадемия развития | ||
| 260 | _c1997 | ||
| 300 | _a256 с. | ||
| 541 | _h1 л. 85 т. | ||
| 653 | _aЭкономика | ||
| 942 | _cBK | ||
| 999 |
_c37212 _d37212 |
||